Bilecik Bilecik Bilecik Bilecik Bilecik

Osmanlı devleti'nde gayrimüslimlerin yönetimi : (Record no. 52631)

MARC details
000 -BAŞLIK
Sabit Uzunluktaki Kontrol Alanı 01536nam a22004097a 4500
001 - KONTROL NUMARASI
Control Dosyası 0052817
003 - KONTROL NUMARASI KİMLİĞİ
Kontrol Alanı KOHA_MİRAKIL
005 - EN SON İŞLEM TARİHİ ve ZAMANI
Kontrol Alanı 20260207003856.0
007 - FİZİKSEL TANIM SABİT ALAN - GENEL BİLGİ
Sabit uzunluklu kontrol alanı ta
008 - SABİT UZUNLUKTAKİ VERİ ÖGELERİ - GENEL BİLGİ
Sabit Alan 150629b2008 tu |||gr||||#||||0|tur |
020 ## - ISBN - ULUSLARARASI STANDART KİTAP NUMARASI
Isbn 9789752638174
040 ## - KATALOGLAMA KAYNAĞI
Özgün Kataloglama Kurumu TR-BiSEU
Kataloglama Dili tur
Çeviri Kurumu TR-BiSEU
Açıklama Kuralları rda
041 0# - DİL KODU
Metin ya da ses kaydının dil kodu tur
044 ## - YAYINLAYAN/ÜRETEN KURULUŞUN ÜLKE KODU
ISO country code tu
050 ## - SINIFLAMA ve YER NUMARASI
Sınıflama Numarası BP171.5
Yer Numarası .A44 2008
100 1# - KİŞİ ADI
Yazar Adı (Kişi adı) Akgündüz, Ahmed.
245 1# - ESER ADI BİLDİRİMİ
Başlık Osmanlı devleti'nde gayrimüslimlerin yönetimi :
Alt Eseradı vb. pax ottoman/
Sorumluluk Bildirimi Ahmed Akgündüz ; Ahmed Akgündüz.
264 #1 - ÜRERİM, YAYIN, DAĞITIM ve TELİF BİLDİRİMİ
Yayın yeri İstanbul :
Yayınlayan Timaş
Yayın tarihi 2008
300 ## - FİZİKSEL TANIMLAMA
Sayfa, Cilt vb. 192 sayfa; 25 cm.
336 ## - İÇERİK TÜRÜ
Content type term metin
Content type code txt
Source rdacontent
337 ## - MEDYA TÜRÜ
Media type term aracısız
Media type code n
Source rdamedia
338 ## - TAŞIYICI TÜRÜ
Carrier type term cilt
Carrier type code nc
Source rdacarrier
490 1# - DİZİ BİLDİRİMİ
Dizi Bildirimi Timaş Yayınları ;
Cilt Numarası 1893.
490 1# - DİZİ BİLDİRİMİ
Dizi Bildirimi Tarih İnceleme Dizisi ;
Cilt Numarası 12.
650 #0 - KONU BAŞLIĞI EK GİRİŞ - KONU TERİMİ
Konusal terim veya coğrafi ad Hristiyanlar--Hukuki Durum, vb.--Türkiye--Tarih.
9 (RLIN) 22650
650 #0 - KONU BAŞLIĞI EK GİRİŞ - KONU TERİMİ
Konusal terim veya coğrafi ad Yahudiler--Hukuki durum, kanunlar, vb.--Türkiye--Tarih.
9 (RLIN) 22651
650 #0 - KONU BAŞLIĞI EK GİRİŞ - KONU TERİMİ
Konusal terim veya coğrafi ad Jews--Turkey--History.
9 (RLIN) 13609
650 #0 - KONU BAŞLIĞI EK GİRİŞ - KONU TERİMİ
Konusal terim veya coğrafi ad Religious minorities--Legal status, laws, etc--Turkey--History.
9 (RLIN) 22652
650 #0 - KONU BAŞLIĞI EK GİRİŞ - KONU TERİMİ
Konusal terim veya coğrafi ad Azınlıklar--Osmanlı İmparatorluğu.
9 (RLIN) 18351
650 #0 - KONU BAŞLIĞI EK GİRİŞ - KONU TERİMİ
Konusal terim veya coğrafi ad Azınlık hakları--Osmanlı İmparatorluğu.
9 (RLIN) 22653
650 #0 - KONU BAŞLIĞI EK GİRİŞ - KONU TERİMİ
Konusal terim veya coğrafi ad Dini hukuk ve mevzuat--Türkiye--Tarih
9 (RLIN) 22654
650 #0 - KONU BAŞLIĞI EK GİRİŞ - KONU TERİMİ
Konusal terim veya coğrafi ad Dini Hukuk ve Mevzuat--Türkiye--Tarih.
9 (RLIN) 22655
650 #0 - KONU BAŞLIĞI EK GİRİŞ - KONU TERİMİ
Konusal terim veya coğrafi ad Religious law and legislation--Turkey--History.
9 (RLIN) 22656
830 1# - SERİ EK GİRİŞİ - TEKBİÇİM ESER ADI
Tekbiçim Başlık Timaş Yayınları ;
Volume number/sequential designation 1893.
9 (RLIN) 9767
830 1# - SERİ EK GİRİŞİ - TEKBİÇİM ESER ADI
Tekbiçim Başlık Tarih İnceleme Dizisi ;
Volume number/sequential designation 12.
9 (RLIN) 98682
942 ## - EK GİRİŞ ÖGELERİ (KOHA)
Source of classification or shelving scheme Library of Congress Classification
Koha item type Book
Holdings
Materyal Türü Kalıcı Konum Mevcut Konum Raf Yeri Sınıflandırma Kaynağı Edinim Bilgisi Ana Konular Alt Konular Yer Numarası Demirbaş Numarası Fatura Tarihi Maliyet, Alış Fiyatı Maliyet, Yenileme Fiyatı Geri Çekilme Durumu Kayıp Durumu Hasarlı Durumu Kredi için değil Kayıt Tarih Toplam Ödünçverme Son Görülme Tarihi Son Kontrol Tarihi Satın Alma Notu
Book Prof. Dr. Azmi Özcan Kütüphanesi Prof. Dr. Azmi Özcan Kütüphanesi Uluğbey Salonu Library of Congress Classification Satın FELSEFE, PSİKOLOJİ, DİN İslam, Bahailik, Teozofi vb. BP171.5 .A44 2008 0052817 07/07/2015 8.06 8.06         29/06/2015 1 05/12/2024 05/12/2024 B-984687 - B-984797